书目信息 |
| 题名: |
针灸案例荟萃
|
|
| 作者: | 卢天顺 编著 | |
| 分册: | ||
| 出版信息: | 北京 金盾出版社 2009 |
|
| 页数: | 20,298页 | |
| 开本: | 21cm | |
| 丛书名: | ||
| 单 册: | ||
| 中图分类: | R246 | |
| 科图分类: | ||
| 主题词: | 针灸疗法--医案--中国--现代 , 针灸疗法 , 医案 | |
| 电子资源: | ||
| ISBN: | 978-7-5082-5629-0 | |
| 000 | 00726nam0 2200241 45 | |
| 005 | 20100303151546.57 | |
| 010 | @a978-7-5082-5629-0@dCNY19.00 | |
| 100 | @a20100120d2009 em y0chiy50 ea | |
| 101 | 0 | @achi |
| 102 | @aCN@b110000 | |
| 105 | @ay z 000yy | |
| 106 | @ar | |
| 200 | 1 | @a针灸案例荟萃@AZhen Jiu An Li Hui Cui@f卢天顺编著@FLu Tian Shun Bian Zhu |
| 210 | @a北京@c金盾出版社@d2009 | |
| 215 | @a20,298页@d21cm | |
| 330 | @a本书详细介绍了单穴针灸验方及组穴针灸验方的取穴、操作、病例和体会。 | |
| 606 | 0 | @a针灸疗法@x医案@y中国@z现代 |
| 606 | 0 | @a针灸疗法 |
| 606 | 0 | @a医案 |
| 690 | @aR246@v4 | |
| 701 | 0 | @a卢天顺@ALu Tian Shun@4编著 |
| 801 | 0 | @aCN@bTANGWEI@c20100303 |
| 905 | @b0583996-4000@dR246@e248@f5 | |
| 针灸案例荟萃/卢天顺编著.-北京:金盾出版社,2009 |
| 20,298页;21cm |
| ISBN 978-7-5082-5629-0:CNY19.00 |
| 本书详细介绍了单穴针灸验方及组穴针灸验方的取穴、操作、病例和体会。 |
| ● |
| 相关链接 |
|
|
|
|
正题名:针灸案例荟萃
索取号:R246/248
 
预约/预借
| 序号 | 登录号 | 条形码 | 馆藏地/架位号 | 状态 | 备注 |
| 1 | 0583996 | 205839967 | 第二样本阅览室/ [索取号:R246/248] | 在馆 | |
| 2 | 0583997 | 205839976 | 第三借阅区/ [索取号:R246/248] | 在馆 | |
| 3 | 0583998 | 205839985 | 第三借阅区/ [索取号:R246/248] | 在馆 | |
| 4 | 0583999 | 205839994 | 第三借阅区/ [索取号:R246/248] | 在馆 | |
| 5 | 0584000 | 205840009 | 第三借阅区/ [索取号:R246/248] | 在馆 |